[Event "Pan American-ch School U15 Girls 12th"]
[Site "Callao"]
[Date "2023.10.19"]
[Round "6"]
[White "Velasquez Pastor, Andrea Guadalupe"]
[Black "Pantigoso Porras, Katherine Guadalupe"]
[Result "1-0"]
[WhiteElo "1081"]
[BlackElo "1148"]
[PlyCount "115"]
[EventDate "2023.10.16"]
[EventType "swiss"]
[EventRounds "9"]
[EventCountry "PER"]
[SourceTitle "Mega2024 Update 01"]
[Source "Chessbase"]
[SourceDate "2023.11.12"]
[SourceVersion "1"]
[SourceVersionDate "2023.11.12"]
[SourceQuality "1"]

1. e4 e5 2. Nc3 Nc6 3. d3 h6 4. Nge2 Nf6 5. g3 Bc5 6. h3 d6 7. Bg2 Be6 8. 0-0 0-0 9. Kh2 Nh7 10. f4 f5 11. exf5 Rxf5 12. g4 Rf8 13. f5 Bd7 14. Ng3 Rb8 15. Nce4 Bb6 16. Nh5 d5 17. Nc3 Nf6 18. Nxf6+ Qxf6 19. Nxd5 Qd6 20. Nxb6 axb6 21. c3 g5 22. Qb3+ Kg7 23. Be4 Be6 24. Qd1 Bd7 25. Be3 Ne7 26. Kg2 Bc6 27. Bxc6 Nxc6 28. d4 Rbd8 29. dxe5 Qxe5 30. Qf3 Qe7 31. Rad1 Rxd1 32. Rxd1 Rd8 33. Bd4+ Nxd4 34. cxd4 c6 35. Kf2 c5 36. d5 Qe5 37. Qc3 Qxc3 38. bxc3 Kf6 39. c4 Ra8 40. Rd2 Rd8 41. Rb2 Rd6 42. a4 h5 43. Re2 hxg4 44. hxg4 Kf7 45. Rb2 Kf6 46. a5 Ke7 47. Rxb6 Rxb6 48. axb6 Kf6 49. Ke3 Ke5 50. d6 Kxd6 51. Ke4 Ke7 52. Ke5 Kf7 53. Kd6 Kf6 54. Kc7 Ke5 55. Kxb7 Kd4 56. Kc6 Kxc4 57. b7 Kd4 58. b8Q 1-0